[Event "IECG Q3.2000.0.00086"]
[Site "IECG email"]
[Date "2000.09.09"]
[Round "?"]
[White "Wells, Lucas"]
[Black "Casser, Aaron"]
[Result "0-1"]
[WhiteElo "1100"]
[BlackElo "1233"]
[PlyCount "22"]
[EventDate "2000.09.09"]
[EventType "tourn (corr)"]
[EventRounds "6"]
[SourceTitle "Corr 2008"]
[Source "ChessBase"]
[SourceDate "2008.06.24"]
[SourceVersion "1"]
[SourceVersionDate "2008.06.24"]
[SourceQuality "1"]

1. e4 e6 2. d4 d5 3. Nc3 Nf6 4. e5 Nfd7 5. f4 c5 6. Nf3 Nc6 7. Be3 Qb6 8. Na4 Qa5+ 9. c3 c4 10. b4 Qc7 11. Be2 Be7 0-1